000 00992nam a2200265Ia 4500
003 OSt
005 20221005103552.0
006 a|||||r|||| 00| 0
007 ta
008 221004b |||||||| |||| 00| 0 san d
020 _a8186120750 (hbk)
_cINR 500.00
024 _a43409
037 _b929/19, 29/01/2019, Literacy House
_cTextual
040 _aCRL
_cCRL
_bsan
041 _2san
_asan
082 _aO15v23771, 152Q7
100 _aशास्त्री, कलानाथ, ले.
245 0 _aजयपुर की संस्कृत परम्परा
246 _aJayapur kī sanskṛut paramparā
260 _aजयपुर
_bहंसा प्रकाशन भारत
_c2017
300 _a157पृ0
_ccm.
650 _aसंस्कृत साहित्य
942 _hO15v23771, 152Q7
_cTEXL
_2cc
999 _c1010310
_d1010310